| 000 | 01275nam a22002777a 4500 | ||
|---|---|---|---|
| 001 | TZ 0087 | ||
| 003 | gtcocun | ||
| 005 | 20251003184811.0 | ||
| 006 | a||||gr|||| 00| 0 | ||
| 007 | ta | ||
| 008 | 251003b2023 gt ||||| m||| 00| 0 eng d | ||
| 040 |
_agtcocun _bSPA _cgtcocun _eRDA |
||
| 041 | _aSPA TZ 0087 | ||
| 084 | _0TZ 0087 | ||
| 100 |
_aPop Rojas, Susana Marisol _eAutor |
||
| 245 |
_aINFORME FINAL DEL EJERCICIO PROFESIONAL SUPERVISADO REALIZADO EN GRANJA SANTA TERESA, UBICADA EN LA ALDEA SOTZIL DEL MUNICIPIO DE SAN JUAN CHAMELCO, DEPARTAMENTO DE ALTA VERAPAZ./ _cSusana Marisol Pop Rojas. _hImpreso |
||
| 264 |
_aCobán, Alta Verapaz: _bUniversidad de San Carlos de Guatemala, Centro Universitario del Norte, Zootecnia _c2023 |
||
| 300 |
_a65 p.: _bIlustraciones, gráficas. _c28 cm; |
||
| 502 | _eTZ 0087 | ||
| 502 |
_aTesis de grado _bZootecnia, _cUniversidad de San Carlos de Guatemala, Centro Universitario del Norte, Zootecnia _d2023 _oTZ 0087 |
||
| 650 | 1 | 4 |
_2LEMB _aSan Juan Chamelco, Alta Verapaz. _xZootecnia _xRegistros _xPracticas pecuarias _xInocuidad _xIluminación _xProducción |
| 700 | _eAsesor | ||
| 856 |
_uSin archivo en línea. _zSin archivo en línea. |
||
| 942 |
_2ddc _cTES _iTZ 0087 _kClasificación _n0 _6TZ_0087_000000000000000 |
||
| 999 |
_c2224 _d2224 |
||